| 000 | 00487nam a2200157Ia 4500 | ||
|---|---|---|---|
| 008 | 210210b1988 xxu||||| |||| 00| 0 eng d | ||
| 082 | _a658.4032 WIEM | ||
| 100 | _aWIEST (Jerome D) and LEVY (Ferdinand K). | ||
| 245 | _aManagement guide to PERT/CPM: with GERT/PDM/DCPM and other networks. Ed 2. | ||
| 250 | _a | ||
| 260 |
_aNew Delhi. _bPrentice-Hall of India Private Limited _c1988 |
||
| 300 | _ax,229 | ||
| 650 | _aPERT/CPM | ||
| 690 | _aExecutive Management | ||
| 906 | _aSG01393 | ||
| 999 |
_c113058 _d113058 |
||